[Event "Santa Cruz Bajada la Virgen 4th"]
[Site "Santa Cruz"]
[Date "2010.06.19"]
[Round "1.3"]
[White "Diaz Leon, Adelto"]
[Black "Barlov, Dragan"]
[Result "0-1"]
[WhiteElo "1629"]
[BlackElo "2488"]
[PlyCount "64"]
[EventDate "2010.06.19"]
[EventType "swiss (blitz)"]
[EventRounds "9"]
[EventCountry "ESP"]
[SourceTitle "EXT 2024"]
[Source "ChessBase"]
[SourceDate "2023.10.10"]
[SourceVersion "1"]
[SourceVersionDate "2023.10.10"]
[SourceQuality "1"]

1. c4 e5 2. e4 Bc5 3. Nf3 d6 4. h3 Nc6 5. d3 Nge7 6. Be2 0-0 7. Be3 Bxe3 8. fxe3 f5 9. 0-0 f4 10. Qd2 Ng6 11. Nc3 Be6 12. d4 fxe3 13. Qxe3 exd4 14. Nxd4 Rxf1+ 15. Rxf1 Nxd4 16. Qxd4 Qg5 17. Kh2 a6 18. Nd5 Rc8 19. Qe3 Qe5+ 20. Kh1 Qxb2 21. h4 c6 22. h5 cxd5 23. hxg6 dxc4 24. gxh7+ Kh8 25. Rc1 b5 26. Bd1 Qf6 27. Bf3 Qh6+ 28. Qxh6 gxh6 29. Kg1 b4 30. Kf1 c3 31. Rc2 Bxa2 32. Bg4 b3 0-1